| 000 | 00465nam a2200193Ia 4500 | ||
|---|---|---|---|
| 005 | 20240823010520.0 | ||
| 008 | 240823s9999||||xx |||||||||||||| ||und|| | ||
| 041 | _aENGLISH | ||
| 082 | _A4 | ||
| 100 | _a"Leon,Alexis" | ||
| 245 | 0 | _aFundamentals of Information Technology | |
| 250 | _a1st | ||
| 260 | _b"Leon tech,Ch" | ||
| 500 | _aYES | ||
| 650 |
_aInformation Technology _bComputer Science |
||
| 700 | _a" Leon,Mathews" | ||
| 942 | _cBK | ||
| 999 |
_c158853 _d158853 |
||